Стратегический менеджмент Учебник
В учебнике излагаются основы стратегического менеджмента на промышленном предприятии. В частности рассмотрены понятие и виды стратегий промышленного предприятия изложены методологические основы формирования корпоративной деловой и функциональных стратегий а также представлены подходы к оценке эффект...
Gespeichert in:
| 1. Verfasser: | |
|---|---|
| Format: | Учебник |
| Ausgabe: | 1 |
| Schriftenreihe: | Высшее образование: Бакалавриат (УрФУ) |
| Online Zugang: | https://znanium.com/catalog/document?id=362106 https://znanium.com/cover/0958/958515.jpg |
| Tags: |
Tag hinzufügen
Keine Tags, Fügen Sie den ersten Tag hinzu!
|
| LEADER | 03286nam0a2200349 i 4500 | ||
|---|---|---|---|
| 001 | RU\infra-m\znanium\bibl\958515 | ||
| 003 | https://znanium.com/catalog/document?id=362106 | ||
| 005 | 20241230000000.0 | ||
| 010 | |a 978-5-16-013815-2 | ||
| 010 | |a 978-5-16-106496-2 |b электр. издание | ||
| 100 | |a 20241230d2020 m y0rusy0150 ca | ||
| 101 | 0 | |a rus | |
| 102 | |a RU | ||
| 200 | 1 | |a Стратегический менеджмент |e Учебник |f Уральский федеральный университет им. первого Президента России Б.Н. Ельцина | |
| 205 | |a 1 | ||
| 210 | 1 | |a Москва |c ООО "Научно-издательский центр ИНФРА-М" |d 2021 | |
| 215 | |a 263 с. | ||
| 225 | 1 | |a Высшее образование: Бакалавриат (УрФУ) | |
| 330 | |a В учебнике излагаются основы стратегического менеджмента на промышленном предприятии. В частности рассмотрены понятие и виды стратегий промышленного предприятия изложены методологические основы формирования корпоративной деловой и функциональных стратегий а также представлены подходы к оценке эффективности стратегии и методы выбора оптимальной стратегии промышленного предприятия. Соответствует требованиям федеральных государственных образовательных стандартов высшего образования последнего поколения. Для студентов бакалавриата обучающихся по направлениям подготовки «Экономика» и «Менеджмент» аспирантов преподавателей и специалистов в области стратегического менеджмента. | ||
| 333 | |a ВО - Бакалавриат | ||
| 606 | |a Управление (менеджмент) |x Стратегический менеджмент |2 local | ||
| 608 | |a Учебник |2 local | ||
| 675 | |a 65.01(075.8) |z rus | ||
| 686 | |a 65.290-2я73 |2 rubbk | ||
| 686 | |a 38.03.01 |2 okso | ||
| 686 | |a 38.03.02 |2 okso | ||
| 686 | |a 38.03.04 |2 okso | ||
| 700 | 1 | |a Сироткин |b С.А. |g Сергей Александрович |p Уральский федеральный университет им. первого Президента России Б.Н. Ельцина | |
| 701 | 1 | |a Кельчевская |b Н.Р. |g Наталья Рэмовна |p Уральский федеральный университет им. первого Президента России Б.Н. Ельцина | |
| 801 | 0 | |a RU |b Общество с ограниченной ответственностью «ЗНАНИУМ» |c 20171212 |2 rusmarc | |
| 856 | 4 | |a znanium.com |m ebs_support@infra-m.ru |n НИЦ ИНФРА-М |u https://znanium.com/catalog/document?id=362106 | |
| 856 | 4 | 1 | |a znanium.com |d /cover/0958 |f 958515.jpg |q image/jpeg |u https://znanium.com/cover/0958/958515.jpg |